000 00542nam a22002057a 4500
003 NUST - PNEC
005 20170116181200.0
008 150901b xxu||||| |||| 00| 0 eng d
020 _a9693517555
020 _a9789693517552
040 _cLIBRARY
082 _a928 SHA
100 _96432
_aShahab, Qudaratullah
245 _aShahab Nama
_cQudratullah Shahab
250 _a6th ed.
260 _c2015
_aLahore:
_bSang-e-Meel Publications;
300 _a840 pages:
650 _96435
_aGeneral Book
_xUrdu Literature
942 _2ddc
_cBK
999 _c71417
_d71417